| 000 | 01508nam a22002175i 4500 | ||
|---|---|---|---|
| 001 | 168881 | ||
| 003 | ES-MaACL | ||
| 005 | 20230906213922.0 | ||
| 008 | 080618s1972 fr |||| | fre d | ||
| 080 | _a821.133.1-2"17" | ||
| 100 | 1 |
_aMarivaux, Pierre Carlet de Chamblain de. _976906 |
|
| 245 | 1 | 0 |
_aThéâtre complet / _cMarivaux ; édition préfacée, établie et annotée par Marcel Arland. |
| 260 |
_a[Paris] : _bGallimard, _c[1972] |
||
| 300 |
_aLXII, 1570 p. ; _c18 cm. |
||
| 490 | 1 |
_aBibliothèque de la Pléiade ; _v79 |
|
| 505 | 8 | _aContiene: Le père prudent et équitable. L'amour et la vérité. Arlequin poli par l'amour. Annibal. La surprise de l'amour. La double inconstance. Le prince travesti. La fausse suivante. Le dénouement imprévu. L'île des esclaves. L'héritier de village. L'île de la raison. La seconde surprise de l'amour. Le triomphe de Plutus. La colonie. Le jeu de l'amour et du hasard. La réunion des amours. Le triomphe de l'amour. Les serments indiscrets. L'école des mères. L'heureux stratagème. La méprise. Le petit-maître corrigé. Le chemin de la fortune. La mère confidente. Le legs. Les fausses confidences. La joie imprévue. Les sincères. L'épreuve. La dispute. Le préjugé vaincu. La femme fidèle. Félicie. Les acteurs de bonne foi. | |
| 700 | 0 |
_aArland, Marcel. _922893 |
|
| 830 | 0 |
_aBibliothèque de la Pléiade ; _v79 _9180233 |
|
| 852 |
_aES-MaACL _jE-12201 _9R.190413 _z.- Biblioteca Jacinto Martínez Lacalle |
||
| 999 |
_c168881 _d168881 |
||